[Event "Nairobi Mashariki op"]
[Site "Nairobi"]
[Date "2024.09.21"]
[Round "1"]
[White "Njiri, Ian Macharia"]
[Black "Chol, Mach Nhial"]
[Result "0-1"]
[WhiteElo "1443"]
[BlackElo "1801"]
[PlyCount "60"]
[EventDate "2024.09.21"]
[EventType "swiss"]
[EventRounds "5"]
[EventCountry "KEN"]
[SourceTitle "EXT 2025"]
[Source "ChessBase"]
[SourceDate "2024.10.14"]
[SourceVersion "1"]
[SourceVersionDate "2024.10.14"]
[SourceQuality "1"]

1. e4 e5 2. Nf3 Nc6 3. Nc3 Bc5 4. Bc4 d6 5. d3 h6 6. a3 a6 7. h3 Nf6 8. Bd2 Ne7 9. Qe2 Ng6 10. 0-0-0 c6 11. Be3 b5 12. Bxc5 dxc5 13. Bb3 Qe7 14. Nh2 a5 15. f3 a4 16. Ba2 Nf4 17. Qf2 Be6 18. Bxe6 Nxe6 19. Ng4 Nd4 20. Ne2 Qe6 21. Nxd4 cxd4 22. Nxf6+ Qxf6 23. g4 0-0 24. Kb1 Rfb8 25. Kc1 b4 26. Kd2 bxa3 27. bxa3 Qd6 28. Rb1 Qxa3 29. Rxb8+ Rxb8 30. Qg3 Qc3+ 0-1